[Event "AUTO-ADV-2621"]
[Site "http://www.queenalice.com/game.php?id=1103508"]
[Date "2012.9.16"]
[Round "1"]
[White "Kingfish"]
[Black "Gorgona"]
[Result "0-1"]
[WhiteElo "1969"]
[BlackElo "1765"]

1. e4 e5 2. Nf3 Nc6 3. Bc4 Be7 4. d3 Nf6 5. O-O O-O 6. a3 d6 7. Nc3 Bg4 8. Be3
Nd4 9. Bxd4 exd4 10. Nb5 c5 11. h3 Bxf3 12. Qxf3 a6 13. Nxd4 cxd4 14. e5 dxe5
15. Qxb7 Rb8 16. Qxa6 Rxb2 17. Rfe1 Rb6 18. Qa5 Bd6 19. f4 exf4 20. Re2 Bc7 21.
Qd2 Qd6 0-1

[Event "AUTO-ADV-2621"]
[Site "http://www.queenalice.com/game.php?id=1103509"]
[Date "2012.9.16"]
[Round "1"]
[White "Gorgona"]
[Black "Kingfish"]
[Result "1-0"]
[WhiteElo "1739"]
[BlackElo "1995"]

1. e4 Nf6 2. Nc3 d5 3. exd5 Nxd5 4. Nxd5 Qxd5 5. Nf3 Qe4+ 6. Be2 Bf5 7. d3 Qc6
8. O-O e6 9. Nd4 Qd6 10. Nxf5 exf5 11. Re1 Be7 12. Bf3 c6 13. Qe2 Nd7 14. Bf4
Qf6 15. Qe3 g5 16. Bxg5 1-0

[Event "AUTO-ADV-2621"]
[Site "http://www.queenalice.com/game.php?id=1103510"]
[Date "2012.9.16"]
[Round "1"]
[White "Kingfish"]
[Black "wiktormool"]
[Result "0-1"]
[WhiteElo "1928"]
[BlackElo "1895"]

1. e4 c5 2. Nf3 a6 3. Bc4 e6 4. d4 b5 5. Bd3 c4 6. Be2 Bb7 7. Nc3 Bb4 8. d5 exd5
9. Bd2 dxe4 10. Nd4 Nf6 11. a3 Bc5 12. Nf5 O-O 13. O-O d5 14. Bg4 Bc8 15. Be3 d4
16. Nxd4 Bxg4 17. f3 Bxd4 18. Bxd4 exf3 19. gxf3 Bh3 20. Re1 Nc6 21. Bxf6 Qxf6
22. Qe2 Nd4 23. Qf2 Qg6+ 0-1

[Event "AUTO-ADV-2621"]
[Site "http://www.queenalice.com/game.php?id=1103511"]
[Date "2012.9.16"]
[Round "1"]
[White "wiktormool"]
[Black "Kingfish"]
[Result "1-0"]
[WhiteElo "1912"]
[BlackElo "1911"]

1. c4 Nf6 2. Nc3 d5 3. d4 e6 4. Nf3 Nc6 5. Bg5 Be7 6. cxd5 exd5 7. Qa4 Bd7 8.
Bxf6 Bxf6 9. Qb3 b6 10. Qxd5 Be6 11. Qxc6+ Bd7 12. Qe4+ Be7 13. Nd5 f5 14. Qxe7+
Qxe7 15. Nxe7 Kxe7 16. e3 Bc6 17. Ne5 Bb7 18. Bb5 a6 19. Bc6 Bxc6 20. Nxc6+ Kd6
21. Ne5 c5 22. Nf7+ 1-0

[Event "AUTO-ADV-2638"]
[Site "http://www.queenalice.com/game.php?id=1108832"]
[Date "2012.10.2"]
[Round "1"]
[White "joao_messias"]
[Black "Kingfish"]
[Result "1-0"]
[WhiteElo "1792"]
[BlackElo "1915"]

1. e4 Nf6 2. d3 e5 3. Nf3 d6 4. Nc3 Nc6 5. h3 a6 6. Be2 Be7 7. O-O h6 8. Bd2 O-O
9. a3 d5 10. Nxd5 Nxd5 11. exd5 Qxd5 12. Nh2 Bf6 13. Bc3 b5 14. Bf3 Qe6 15. Re1
Qd6 16. Ng4 Bb7 17. Bxc6 Bxc6 18. Nxe5 Bxe5 19. Bxe5 Qg6 20. Qg4 Rac8 21. Qxg6
fxg6 22. Bc3 Rf7 23. Re6 Bb7 24. Rxg6 Rcf8 25. Re1 Rxf2 26. Re7 R2f7 27. Re3
Rf1+ 28. Kh2 R8f7 29. Reg3 R1f2 30. Rxg7+ Rxg7 31. Rxg7+ Kf8 32. Rg6 Rxc2 33.
Kg1 Re2 34. Rf6+ Kg7 35. Re6+ 1-0

[Event "AUTO-ADV-2638"]
[Site "http://www.queenalice.com/game.php?id=1108833"]
[Date "2012.10.2"]
[Round "1"]
[White "Kingfish"]
[Black "joao_messias"]
[Result "1-0"]
[WhiteElo "1903"]
[BlackElo "1814"]

1. e4 e5 2. Nf3 d6 3. d4 exd4 4. Nxd4 Be7 5. Nc3 a6 6. Be2 Nf6 7. O-O h6 8. Bf4
O-O 9. Nd5 Nxe4 10. a4 Nf6 11. Nxe7+ Qxe7 12. Nf3 Re8 13. Re1 Qf8 14. Bd3 Rxe1+
15. Qxe1 Nc6 16. c3 Be6 17. h3 Re8 18. Qd2 Nd5 19. Re1 Nxf4 20. Qxf4 Bd5 21.
Rxe8 Qxe8 22. Qf5 g6 23. Qxd5 1-0

[Event "AUTO-ADV-2638"]
[Site "http://www.queenalice.com/game.php?id=1108846"]
[Date "2012.10.2"]
[Round "1"]
[White "diego2907"]
[Black "Kingfish"]
[Result "1-0"]
[WhiteElo "1774"]
[BlackElo "1884"]

1. e4 Nf6 2. e5 Nd5 3. d4 e6 4. c4 Nb6 5. c5 Nd5 6. h4 Be7 7. g3 d6 8. cxd6 cxd6
9. f4 dxe5 10. fxe5 Nc6 11. Bb5 Bd7 12. Bxc6 Bxc6 13. Rh2 O-O 14. Ne2 Bb4+ 15.
Nbc3 Nxc3 16. bxc3 Ba5 17. Bd2 Qd5 18. Nf4 Qd8 19. g4 f6 20. Nxe6 Qe7 21. Nxf8
Rxf8 22. Qe2 fxe5 23. dxe5 Re8 24. Qc4+ Kh8 25. e6 Qxe6+ 26. Qxe6 Rxe6+ 27. Kd1
Rd6 28. Kc2 Be4+ 29. Kc1 Rc6 30. Rh3 Rf6 31. Re3 Re6 32. Rb1 Bb6 33. Re2 g6 34.
Rb4 Bd5 35. Rxe6 Bxe6 36. Re4 Bxa2 37. Be3 Bd5 38. Re8+ Kg7 39. Bxb6 axb6 40.
Re5 Bf3 41. g5 Kf7 42. Rb5 Kg7 43. Rxb6 Kf7 44. Rf6+ 1-0

[Event "AUTO-ADV-2638"]
[Site "http://www.queenalice.com/game.php?id=1108847"]
[Date "2012.10.2"]
[Round "1"]
[White "Kingfish"]
[Black "diego2907"]
[Result "1-0"]
[WhiteElo "1864"]
[BlackElo "1759"]

1. e4 e5 2. Nf3 d5 3. exd5 Qxd5 4. d3 Bg4 5. Be2 f6 6. Nc3 Qd7 7. a3 c6 8. Bd2
Bd6 9. O-O Bxf3 10. Bxf3 Na6 11. Re1 Ne7 12. Ne4 f5 13. Nxd6+ Qxd6 14. Qe2 O-O-O
15. Bc3 Ng6 16. Rad1 Rhe8 17. Bh5 Re7 18. Bxg6 Qxg6 19. Bxe5 Rd5 20. d4 h5 21.
c4 Rdd7 22. Qc2 Re8 23. b4 Nc7 24. d5 cxd5 25. Bxc7 Rxc7 26. Rxe8+ Qxe8 27.
Qxf5+ Kb8 28. Qxd5 g6 29. Qd8+ Rc8 30. Qxe8 Rxe8 31. h3 Kc7 32. Rd3 Kc6 33. Rg3
Rg8 34. Re3 Kd6 35. g4 hxg4 36. hxg4 b6 37. Rd3+ Kc6 38. Kg2 b5 39. c5 Rg7 40.
f4 Rg8 41. g5 Rg7 42. Kg3 a6 43. Kg4 Rg8 44. f5 gxf5+ 45. Kxf5 Rf8+ 46. Kg6 Rg8+
47. Kf6 Kc7 48. g6 Kc8 49. Kf7 Rh8 50. g7 Rh7 51. Kg6 Rxg7+ 52. Kxg7 Kc7 53. Rd6
Kb7 54. Kf7 Kc7 55. Ke7 1-0

[Event "AUTO-ADV-2638"]
[Site "http://www.queenalice.com/game.php?id=1108854"]
[Date "2012.10.2"]
[Round "1"]
[White "ggg09"]
[Black "Kingfish"]
[Result "1-0"]
[WhiteElo "1924"]
[BlackElo "1879"]

1. e4 Nf6 2. Nc3 d5 3. exd5 Nxd5 4. Nxd5 Qxd5 5. d4 e5 6. Be3 Nc6 7. dxe5 Qxd1+
8. Rxd1 Nxe5 9. Bd4 Bd6 10. f4 Bb4+ 11. c3 Bxc3+ 12. Bxc3 Nc6 13. Bxg7 Rg8 14.
Bf6 Be6 15. a3 Rg4 16. Bg5 a6 17. Ne2 Bc4 18. Nc3 h6 19. Bxh6 Bxf1 20. Kxf1 Ne7
21. Re1 Kd7 22. Rd1+ Kc6 23. Bg5 Nf5 24. h3 Ne3+ 25. Ke2 Nxd1 26. hxg4 Nxb2 27.
Rh7 1-0

[Event "AUTO-ADV-2638"]
[Site "http://www.queenalice.com/game.php?id=1108855"]
[Date "2012.10.2"]
[Round "1"]
[White "Kingfish"]
[Black "ggg09"]
[Result "1-0"]
[WhiteElo "1865"]
[BlackElo "1938"]

1. e4 e6 2. d4 d5 3. Nc3 Bb4 4. Bd2 c5 5. Bb5+ Bd7 6. Bxd7+ Qxd7 7. Qg4 f6 8.
Nge2 Bxc3 9. Bxc3 cxd4 10. Nxd4 e5 11. Qxd7+ Nxd7 12. Nb5 Kd8 13. O-O-O Ne7 14.
exd5 Nb6 15. d6 Nf5 16. Rd2 Nc4 17. Rd3 Kd7 18. Rhd1 a6 19. Nc7 Rac8 20. g4
Nfxd6 21. b3 Rxc7 22. bxc4 Rc6 23. Bb4 Ke6 24. Bxd6 Rxc4 25. Ba3 Rc6 26. f3 Rhc8
27. R1d2 R8c7 28. h4 Kf7 29. Rd7+ Kg8 30. Rd8+ Kf7 31. Bd6 Rc8 32. Rd7+ Ke6 33.
Re7# 1-0

[Event "Challenge"]
[Site "http://www.queenalice.com/game.php?id=1114220"]
[Date "2012.10.19"]
[Round "-"]
[White "Kingfish"]
[Black "Fafner"]
[Result "1/2-1/2"]
[WhiteElo "1878"]
[BlackElo "2115"]

1. e4 e5 2. Nf3 Nc6 3. Bb5 a6 4. Ba4 b5 5. Bb3 Na5 6. d4 Nxb3 7. cxb3 exd4 8.
Qxd4 Bb7 9. Nc3 c5 10. Qe5+ Qe7 11. Qf4 Nf6 12. Be3 d6 13. O-O-O Nxe4 14. Nxe4
Bxe4 15. Rhe1 O-O-O 16. Bxc5 dxc5 17. Rxe4 Rxd1+ 18. Kxd1 Qd7+ 19. Ke2 Bd6 20.
Qd2 Qc6 21. Qc2 Re8 22. Rxe8+ Qxe8+ 23. Kf1 h6 24. Nd2 Qe5 25. Nf3 Qe6 26. b4 c4
27. a4 Bxb4 28. axb5 axb5 29. b3 Kc7 30. bxc4 Qxc4+ 31. Qxc4+ bxc4 32. Nd2 Bc3
33. Nf3 Bb4 34. Ke2 Kd6 35. Nd4 g6 36. f4 Kd5 37. Nc2 Bc5 38. h4 f5 39. g3 Ke4
40. Ne1 c3 41. Nc2 h5 42. Ne1 Be3 43. Nc2 Bd2 44. Nb4 Bxf4 45. gxf4 Kxf4 46.
Nd5+ Kg4 47. Nxc3 Kxh4 48. Kf3 g5 49. Ne2 g4+ 50. Kf4 Kh3 51. Kxf5 g3 52. Kg5 g2
53. Nf4+ Kg3 1/2-1/2

[Event "Challenge"]
[Site "http://www.queenalice.com/game.php?id=1114221"]
[Date "2012.10.19"]
[Round "-"]
[White "Fafner"]
[Black "Kingfish"]
[Result "1-0"]
[WhiteElo "2110"]
[BlackElo "1876"]

1. e4 Nf6 2. e5 Nd5 3. c4 Nb6 4. c5 Nd5 5. Bc4 e6 6. Nc3 Qg5 7. Qf3 c6 8. d4 Qd8
9. Nh3 Be7 10. Ne4 Nb4 11. O-O Nc2 12. Bg5 Nxd4 13. Qh5 Bxg5 14. Nd6+ 1-0

[Event "AUTO-ADV-2457"]
[Site "http://www.queenalice.com/game.php?id=1114316"]
[Date "2012.10.20"]
[Round "2"]
[White "carloswecker"]
[Black "Kingfish"]
[Result "1/2-1/2"]
[WhiteElo "1963"]
[BlackElo "1869"]

1. d4 d5 2. c4 e6 3. Nc3 Nf6 4. Bg5 Be7 5. e3 h6 6. Bxf6 Bxf6 7. Nf3 O-O 8. Bd3
b6 9. cxd5 exd5 10. O-O Bb7 11. Rc1 Nd7 12. Re1 Rc8 13. e4 dxe4 14. Bxe4 Bxe4
15. Nxe4 Re8 16. Nxf6+ Nxf6 17. Qc2 Rxe1+ 18. Rxe1 Nd5 19. a3 f6 1/2-1/2

[Event "AUTO-ADV-2457"]
[Site "http://www.queenalice.com/game.php?id=1114317"]
[Date "2012.10.20"]
[Round "2"]
[White "Kingfish"]
[Black "carloswecker"]
[Result "0-1"]
[WhiteElo "1873"]
[BlackElo "1938"]

1. e4 c5 2. Nf3 d6 3. d4 cxd4 4. Nxd4 Nf6 5. Nc3 e5 6. Nf3 Be6 7. Be2 Nbd7 8.
Bb5 a6 9. Bxd7+ Qxd7 10. O-O Be7 11. h3 O-O 12. Bg5 Rac8 13. Bxf6 Bxf6 14. Rc1
Rfd8 15. Qd2 d5 16. exd5 Bxd5 17. Qe2 Qc7 18. Rcd1 Bc4 19. Rxd8+ Rxd8 20. Qe3
Bxf1 21. Kxf1 b5 22. a3 g6 23. Qe2 h6 24. Ne4 Bg7 25. b4 f5 26. Ned2 e4 27. Ng1
Qxc2 28. Ke1 Bc3 29. f4 Rxd2 0-1

[Event "AUTO-ADV-2457"]
[Site "http://www.queenalice.com/game.php?id=1114318"]
[Date "2012.10.20"]
[Round "2"]
[White "UKopra"]
[Black "Kingfish"]
[Result "0-1"]
[WhiteElo "1911"]
[BlackElo "1860"]

1. d4 d5 2. c4 e6 3. Nc3 Nf6 4. cxd5 Nxd5 5. e4 Nxc3 6. bxc3 b6 7. Nf3 Nd7 8.
Bb5 Bb7 9. Ne5 Bc8 10. Qa4 a6 11. Bc6 Ra7 12. O-O Bd6 13. Nxd7 Bxd7 14. Bxd7+
Qxd7 15. Qxd7+ Kxd7 16. e5 Be7 17. c4 Rd8 18. Be3 Rb7 19. a4 Ke8 20. f4 c6 21.
Rab1 Rdd7 22. g3 a5 23. f5 h6 24. f6 gxf6 25. exf6 Bb4 26. Rf4 b5 27. axb5 cxb5
28. cxb5 Rxb5 29. Rg4 Rdb7 30. Bxh6 Rf5 31. Rg8+ Kd7 32. Bg5 Rbb5 33. h4 a4 34.
g4 Rfd5 35. Be3 a3 36. Rf8 Bxf8 37. Ra1 Rb3 38. h5 Rxe3 0-1

[Event "AUTO-ADV-2457"]
[Site "http://www.queenalice.com/game.php?id=1114319"]
[Date "2012.10.20"]
[Round "2"]
[White "Kingfish"]
[Black "UKopra"]
[Result "1-0"]
[WhiteElo "1887"]
[BlackElo "1892"]

1. e4 c5 2. Nf3 d6 3. Nc3 Nf6 4. h3 g6 5. d4 cxd4 6. Nxd4 Bg7 7. Be3 O-O 8. Be2
Nc6 9. Nxc6 bxc6 10. Qd2 Rb8 11. Rb1 Rb4 12. Bf3 Ba6 13. a3 Rb8 14. Be2 Bxe2 15.
Qxe2 a5 16. O-O Qc7 17. f4 d5 18. Nd1 Nxe4 19. Nf2 Ng3 20. Qd2 Nxf1 21. Kxf1
Bxb2 22. a4 Bg7 23. Rxb8 Rxb8 24. g3 e5 25. fxe5 Bxe5 26. Bf4 f6 27. Nd3 Rb1+
28. Kg2 Bxf4 29. Nxf4 Rb4 30. Qe2 Qc8 31. Qe7 Re4 32. Qxf6 Qd7 33. h4 c5 34. h5
Qf7 35. Qg5 Qf5 36. Qd8+ Kg7 37. Qxa5 d4 38. Qc7+ Kh6 39. hxg6 hxg6 40. a5 c4
41. a6 Qa5 42. Qxa5 Re3 43. a7 Re8 44. a8=Q Rxa8 45. Qxa8 g5 46. Qc6+ Kg7 47.
Qg6+ 1-0

[Event "Let's Play Chess!"]
[Site "http://www.queenalice.com/game.php?id=1177411"]
[Date "2013.5.2"]
[Round "-"]
[White "Atalxxi1"]
[Black "Kingfish"]
[Result "0-1"]
[WhiteElo "1542"]
[BlackElo "1876"]

1. d4 g6 2. Bg5 Bg7 3. Nf3 d6 4. e4 Bh6 5. Bxh6 Nxh6 6. h3 Nc6 7. d5 Ne5 8. Nxe5
dxe5 9. Bb5+ Bd7 10. Qe2 f5 11. Nc3 f4 12. f3 Nf7 13. O-O-O Nd6 14. Bxd7+ Qxd7
15. b3 e6 16. a4 O-O-O 17. Nb5 Nxb5 18. Qxb5 Qxb5 19. axb5 Rd6 20. c4 exd5 21.
cxd5 Rb6 22. Kb2 Rxb5 23. Rc1 Rd8 24. h4 Rd6 25. h5 g5 26. h6 Rbb6 27. Rh2 c6
28. Rc5 Kd7 29. Kc3 cxd5 30. exd5 Rxh6 31. Rxh6 Rxh6 32. Kb4 Rb6+ 33. Ka3 Rd6
34. b4 h5 35. Ra5 a6 36. Ka4 b5+ 37. Kb3 Kc7 38. Ra1 Kb6 39. Rd1 g4 40. fxg4
hxg4 0-1

[Event "Challenge"]
[Site "http://www.queenalice.com/game.php?id=1187193"]
[Date "2013.6.2"]
[Round "-"]
[White "filomenos"]
[Black "Kingfish"]
[Result "1-0"]
[WhiteElo "1966"]
[BlackElo "1879"]

1. d4 g6 2. g3 Bg7 3. Bg2 d5 4. Nf3 Nc6 5. c3 e5 6. dxe5 Be6 7. Nd4 Bxe5 8. Nxc6
bxc6 9. O-O Bg7 10. Bf4 Ne7 11. Nd2 O-O 12. e4 dxe4 13. Nxe4 Qxd1 14. Rfxd1 Nd5
15. h3 Nxf4 16. gxf4 Rad8 17. Nc5 Rd6 18. Nb7 Rxd1+ 19. Rxd1 Bh6 20. Rd4 Rb8 21.
Bxc6 Bxa2 22. b4 Be6 23. Rd8+ Rxd8 24. Nxd8 Bxf4 25. Nxe6 fxe6 26. b5 Kf7 27.
Kg2 Kf6 28. Kf3 e5 29. c4 Kf5 30. Be4+ Kg5 31. c5 Bd2 32. c6 1-0

[Event "Challenge"]
[Site "http://www.queenalice.com/game.php?id=1187194"]
[Date "2013.6.2"]
[Round "-"]
[White "Kingfish"]
[Black "filomenos"]
[Result "0-1"]
[WhiteElo "1866"]
[BlackElo "1979"]

1. e4 d5 2. exd5 Qxd5 3. Nc3 Qe6+ 4. Qe2 Qxe2+ 5. Ngxe2 c6 6. d4 g6 7. Be3 Bg7
8. O-O-O Nf6 9. g3 Bg4 10. h3 Bxe2 11. Bxe2 O-O 12. f4 Nbd7 13. h4 Nb6 14. h5
Nbd5 15. Nxd5 Nxd5 16. Bf2 Rfd8 17. Rh2 Rd6 18. Bd3 Nb4 19. Kb1 Rad8 20. c3 Nd5
21. hxg6 hxg6 22. g4 R6d7 23. g5 Nxf4 24. Bc2 c5 25. Rh4 Ne6 26. Kc1 cxd4 27.
cxd4 Nxd4 28. Bxd4 Bxd4 29. Rh6 Bxb2+ 30. Kb1 Rxd1+ 31. Bxd1 Rxd1+ 0-1

[Event "rvk 007"]
[Site "http://www.queenalice.com/game.php?id=1226483"]
[Date "2013.10.22"]
[Round "-"]
[White "thefonz"]
[Black "Kingfish"]
[Result "1-0"]
[WhiteElo "1910"]
[BlackElo "1844"]

1. e4 c5 2. Nf3 Nc6 3. d4 cxd4 4. Nxd4 Qb6 5. Nb3 Nf6 6. Bd3 d6 7. O-O g6 8. Be3
Qc7 9. Nc3 a6 10. Nd5 Nxd5 11. exd5 Nb4 12. c4 Bg7 13. Bd4 Bxd4 14. Nxd4 Nxd3
15. Qxd3 O-O 16. Rae1 Re8 17. h3 Bd7 18. Re3 e6 19. dxe6 Bxe6 20. Nxe6 fxe6 21.
Rfe1 e5 22. Qd5+ Kg7 23. f4 Rad8 24. b3 Rf8 25. fxe5 Rf5 26. exd6 Qxd6 27. Qxb7+
Kh6 28. Qe4 Qc5 29. Qh4+ 1-0